LIBRARY & INFORMATION CENTRE, KCAET, TAVANUR

ONLINE PUBLIC ACCESS CATALOGUE (OPAC)

Normal view MARC view
  • Farm tractors.

Entry Topical Term

Number of records used in: 1

001 - CONTROL NUMBER

  • control field: 1047

003 - CONTROL NUMBER IDENTIFIER

  • control field: OSt

005 - DATE AND TIME OF LATEST TRANSACTION

  • control field: 20160719163044.0

008 - FIXED-LENGTH DATA ELEMENTS

  • fixed length control field: 160719|| aca||aabn | a|a d

040 ## - CATALOGING SOURCE

  • Original cataloging agency: OSt
  • Transcribing agency: OSt

150 ## - HEADING--TOPICAL TERM

  • Topical term or geographic name as entry element: Farm tractors.

670 ## - SOURCE DATA FOUND

  • Source citation: Work cat.: (OSt)13971: Gill, William R. 1043, Soil Dynamics in Tillage and Traction,, 2013
free website counter